Compendio de derecho laboral

Guardat en:
Dades bibliogràfiques
Autor principal: Cabanellas de Torres, Guillermo (Autor)
Format: Llibre
Idioma:espanyol
Publicat: Buenos Aires Heliasta 2001
Edició:4a. ed
Col·lecció:Biblioteca Laboral Heliasta, v. 1-2
Matèries:
Etiquetes: Afegir etiqueta
Sense etiquetes, Sigues el primer a etiquetar aquest registre!

MARC

LEADER 00000nam a2200000 a 4500
001 UCK4552
003 CL-VaPUC
008 050610e20010000AG |||||||||||||||||spa|d
020 |a 9508850426 
020 |a 9508850434v.1 
020 |a 9508850442v.2 
082 0 4 |a 344.01  |b CAB  |2 21 
100 0 |a Cabanellas de Torres, Guillermo  |e author  |9 493101 
245 1 0 |a Compendio de derecho laboral 
250 |a 4a. ed 
942 |c BK 
945 |d 20050610 00:00:00  |a cmena 
260 |a Buenos Aires  |b Heliasta  |c 2001 
500 |a v. 1-2 
650 7 |a DERECHO LABORAL  |2 CL-VaPUC  |9 15 
650 0 |a Procedimiento laboral  |9 256714 
650 0 |a Trabajadores  |9 260887 
650 0 |a Trabajo y empleo  |9 315054 
583 |a last modification  |c 20050610 00:00:00  |k Rodrigo Vera 
490 0 |a Biblioteca Laboral Heliasta, v. 1-2 
999 |c 313382  |d 313380 
952 |0 0  |1 0  |4 0  |6 344_010000000000000_CAB_2001  |7 0  |8 A  |9 384706  |a BIBDER  |b BIBDER  |d 2019-11-22  |h v.1  |i 4137868  |o 344.01 CAB 2001  |p 4137868  |r 2023-01-25  |w 2019-11-22  |y BK  |k DER 
952 |0 0  |1 0  |4 0  |6 344_010000000000000_CAB_2001  |7 0  |8 A  |9 384707  |a BIBDER  |b BIBDER  |d 2019-11-22  |h v.2  |i 4137876  |o 344.01 CAB 2001  |p 4137876  |r 2023-01-25  |w 2019-11-22  |y BK  |k DER